[Event "Titled Tue 3rd Jan Late"]
[Site "chess.com INT"]
[Date "2025.06.03"]
[Round "5"]
[White "Hartge, Gedeon"]
[Black "Ambartsumova, Karina"]
[Result "1-0"]
[WhiteTitle "FM"]
[BlackTitle "IM"]
[WhiteElo "2328"]
[BlackElo "2403"]
[WhiteFideId "12932116"]
[BlackFideId "4166299"]
[EventDate "2025.06.03"]

1. e4 c5 2. Nc3 Nc6 3. Bb5 Nd4 4. Nf3 g6 5. Bc4 Bg7 6. Nxd4 cxd4 7. Qf3 Nf6 8.
e5 dxc3 9. exf6 Bxf6 10. dxc3 e6 11. Bh6 d5 12. Bb3 Bd7 13. O-O-O Bg5+ 14. Bxg5
Qxg5+ 15. Kb1 O-O 16. h4 Qe5 17. h5 Rae8 18. Qh3 Qg7 19. Bxd5 b6 20. Bb3 Rd8 21.
hxg6 hxg6 22. Qe3 Rfe8 23. g4 Bc6 24. Rhe1 Qf6 25. f4 Rxd1+ 26. Rxd1 Rd8 27. Rd4
Qh4 28. Rxd8+ Qxd8 29. a4 Qd1+ 30. Ka2 Qxg4 31. Qe5 Bd5 32. c4 Bf3 33. a5 bxa5
34. c5 Qf5 35. Qb8+ Kg7 36. Qxa7 Qxf4 37. Bxe6 g5 38. Bd7 g4 39. c6 Qc4+ 40. Kb1
Bxc6 41. Bxc6 Qxc6 42. Qd4+ Kf8 43. Qxg4 Ke7 44. Qe2+ Kd7 45. Qd2+ Kc7 46. Qxa5+
Kb7 47. Qb4+ Ka6 48. Qa3+ Kb7 49. Qb3+ Ka6 50. Qxf7 Qh1+ 51. Ka2 Kb6 52. Qe6+
Ka7 53. c4 Qd1 54. Qd5 Qa4+ 55. Kb1 Qb3 56. Qd7+ Ka8 57. Qc6+ Ka7 58. Qc5+ Ka8
59. Qa5+ Kb7 60. Qb5+ Qxb5 61. cxb5 Kb6 62. Kc2 Kc5 63. Kc3 Kxb5 64. Kb3 Ka5 65.
Kc4 Kb6 66. Kb4 Kc6 67. Ka5 Kb7 68. Kb5 Kc7 69. Ka6 Kc6 70. b4 Kc7 71. b5 Kc8
72. Ka7 1-0

[Event "Titled Tue 3rd Jan Late"]
[Site "chess.com INT"]
[Date "2025.06.03"]
[Round "5"]
[White "Lacasa Diaz, Josep Anton"]
[Black "Holinka, Henning"]
[Result "1/2-1/2"]
[WhiteTitle "IM"]
[BlackTitle "FM"]
[WhiteElo "2304"]
[BlackElo "2303"]
[WhiteFideId "2203375"]
[BlackFideId "12967084"]
[EventDate "2025.06.03"]

1. e4 c5 2. Nf3 e6 3. d4 cxd4 4. Nxd4 a6 5. Nc3 Qc7 6. Be2 b5 7. O-O Bb7 8. Re1
b4 9. Na4 Nf6 10. Bd3 Nc6 11. Be3 Bd6 12. h3 Bf4 13. Nxc6 Bxc6 14. Nb6 Rb8 15.
Nc4 Bxe3 16. Rxe3 O-O 17. e5 Nd5 18. Rg3 f5 19. exf6 Nxf6 20. Qe2 Rbe8 21. Qe5
Qxe5 22. Nxe5 Bb7 23. Nc4 Rb8 24. Na5 Bd5 25. b3 Rfc8 26. a3 bxa3 27. Rxa3 Be4
28. c4 d5 29. cxd5 Bxd3 30. Rxd3 Nxd5 31. Nc4 Rc6 32. Ne5 Rd6 33. g3 Kf8 34. Ra4
Ke8 35. Rc4 Rdb6 36. Rc6 Rxc6 37. Nxc6 Rb6 38. Ne5 Ke7 39. Nc4 Rb4 40. Ne3 Nxe3
41. Rxe3 a5 42. Kg2 Kd6 43. Kf3 e5 44. Ke2 Rd4 45. Rc3 Kd5 46. Rc7 Rb4 47. Rxg7
Rxb3 48. Rxh7 Rb6 49. Ra7 Rb5 50. h4 Ke6 51. h5 Kf6 52. h6 Kg6 53. h7 Rb8 54.
Ke3 Re8 55. Ke4 a4 56. Rxa4 Kxh7 57. Ra5 Rf8 58. Ra2 Re8 59. Re2 Kg6 60. Kd5 Kf5
61. f3 Rd8+ 62. Kc6 Rd3 63. g4+ Kf6 64. Rf2 Kg5 65. Kc5 Kf4 66. Kc4 Re3 67. Rf1
Rxf3 68. Rxf3+ Kxf3 69. g5 e4 70. g6 e3 71. g7 e2 72. g8=Q e1=Q 73. Qf7+ Ke2 74.
Qe6+ Kd2 75. Qxe1+ Kxe1 1/2-1/2

[Event "Titled Tue 3rd Jan Late"]
[Site "chess.com INT"]
[Date "2025.06.03"]
[Round "5"]
[White "Hiwale, Ronak"]
[Black "George, Kevin"]
[Result "0-1"]
[BlackTitle "IM"]
[WhiteElo "2105"]
[BlackElo "2301"]
[WhiteFideId "30975336"]
[BlackFideId "10669515"]
[EventDate "2025.06.03"]

1. Nf3 Nf6 2. g3 g6 3. Bg2 Bg7 4. O-O O-O 5. d3 d5 6. Nc3 d4 7. Nb1 c5 8. e4 Nc6
9. Ne1 e5 10. f4 Ne8 11. f5 g5 12. g4 f6 13. Nf3 Nd6 14. h4 h6 15. hxg5 hxg5 16.
Kf2 Kf7 17. Rh1 Rh8 18. c3 Bd7 19. Nbd2 b5 20. Nf1 Qb6 21. Ng3 c4 22. cxd4 exd4
23. Qd2 Rae8 24. a4 cxd3 25. Qxd3 bxa4 26. Rxa4 Ne5 27. Nxe5+ Rxe5 28. Ra6 Qc5
29. Rxh8 Bxh8 30. Qb3+ Ke7 31. Bd2 d3+ 32. Be3 Qc2+ 33. Qxc2 dxc2 34. Ra1 a5 35.
Rc1 Ba4 36. Ke2 Rb5 37. Bd4 Bb3 38. Kd2 a4 39. Bf1 Rb8 40. Bd3 Rc8 41. Bxc2 Nc4+
42. Kd1 Na5 43. Bxb3 Rxc1+ 44. Kxc1 Nxb3+ 45. Kc2 Nxd4+ 46. Kc3 Nc6 47. Kc4 Kd6
48. Kb5 Ne5 49. Kxa4 Nxg4 50. b4 Ne3 51. b5 Kc5 52. Ka5 Nc4+ 53. Ka6 g4 54. Ne2
Nb6 55. Nf4 Nc8 56. Ne6+ Kd6 57. b6 Nxb6 58. Kxb6 g3 59. Nd4 Ke5 60. Ne2 g2 61.
Kc5 Kxe4 62. Kc4 Kf3 63. Ng1+ Ke4 64. Ne2 Kxf5 65. Kd3 Kg4 66. Ke3 Kh3 67. Kf2
Kh2 68. Ng1 f5 69. Ne2 Bd4+ 70. Kf3 Be5 71. Kf2 f4 72. Kf3 g1=Q 73. Nxg1 Kxg1
74. Ke4 Kf2 75. Kxe5 f3 76. Ke4 Ke2 77. Kd4 f2 78. Kc3 f1=Q 79. Kd4 Qd1+ 80. Ke4
Qa4+ 81. Ke5 Ke3 82. Kd5 Qb5+ 83. Ke6 Ke4 84. Kf6 Qf5+ 85. Kg7 Qe6 86. Kh7 Kf5
87. Kh8 Qe7 88. Kg8 Kg6 89. Kh8 Qh7# 0-1

[Event "Titled Tue 3rd Jan Late"]
[Site "chess.com INT"]
[Date "2025.06.03"]
[Round "5"]
[White "Mendes Aaron Reeve"]
[Black "Lymar, Vladislav"]
[Result "1-0"]
[WhiteTitle "IM"]
[BlackTitle "CM"]
[WhiteElo "2335"]
[BlackElo "2216"]
[WhiteFideId "25954938"]
[BlackFideId "14162180"]
[EventDate "2025.06.03"]

1. e3 d5 2. d4 Nf6 3. c4 e6 4. Nc3 c5 5. cxd5 exd5 6. Nf3 Nc6 7. Bb5 cxd4 8.
Nxd4 Bd7 9. O-O Bd6 10. g3 O-O 11. b3 Rc8 12. Bb2 Bh3 13. Re1 Ne5 14. Bf1 Bg4
15. Be2 Bb4 16. Rc1 Qd7 17. a3 Bxe2 18. Qxe2 Be7 19. Red1 Qh3 20. Qf1 Qh5 21.
Kg2 a6 22. Nce2 Rfd8 23. Nf4 Qg4 24. Qe2 Qxe2 25. Nfxe2 Rxc1 26. Nxc1 Nc6 27.
Nce2 Ne4 28. Rc1 Rc8 29. Nf5 Bf8 30. Rc2 Nd6 31. Nxd6 Bxd6 32. Rd2 Ne7 33. e4
Rd8 34. exd5 f6 35. Nc3 Be5 36. Re2 Nxd5 37. Nxd5 Bxb2 38. Ne7+ Kf7 39. Nf5 Be5
40. f4 Bd6 41. b4 Bf8 42. Rc2 Rd7 43. Rc8 g6 44. Ne3 Rd3 45. Rc7+ Ke6 46. Ng4 h5
47. Nf2 Rd7 48. Rc3 Kd6 49. Ne4+ Ke6 50. Kf3 Be7 51. h3 Kf7 52. g4 hxg4+ 53.
hxg4 b5 54. f5 gxf5 55. gxf5 Rd5 56. Kg4 Rd4 57. Kf4 a5 58. bxa5 Ra4 59. Rc7 Ke8
60. Ra7 Rxa3 61. a6 b4 62. Ra8+ Kd7 63. Nd2 b3 64. Ke4 Ra4+ 65. Kd3 b2 66. Kc2
Ra2 67. Kb1 Ra5 68. Kxb2 Rxf5 69. Nc4 Rc5 70. Kb3 Rb5+ 71. Kc3 Rb4 72. a7 Rb7
73. Rd8+ Bxd8 74. a8=Q Rc7 75. Qd5+ Ke8 76. Qe6+ Be7 77. Kd3 Rd7+ 78. Ke4 Rd8
79. Nb6 Rd6 80. Qg8+ Bf8 81. Nd5 Rc6 82. Kf5 Rd6 83. Nxf6+ Ke7 84. Qh7+ Kd8 85.
Qf7 Be7 86. Qe8+ 1-0

[Event "Titled Tue 3rd Jan Late"]
[Site "chess.com INT"]
[Date "2025.06.03"]
[Round "5"]
[White "Khodabandeh, Milad"]
[Black "Hadzovic, Amir"]
[Result "1/2-1/2"]
[WhiteTitle "CM"]
[BlackTitle "FM"]
[WhiteElo "1957"]
[BlackElo "2354"]
[WhiteFideId "12538620"]
[BlackFideId "14402300"]
[EventDate "2025.06.03"]

1. e4 e5 2. Nf3 Nc6 3. Bb5 a6 4. Bxc6 dxc6 5. O-O f6 6. d4 exd4 7. Nxd4 Bd6 8.
Nc3 Ne7 9. f4 O-O 10. Qd3 Qe8 11. Qc4+ Qf7 12. Qxf7+ Kxf7 13. h3 Re8 14. Re1 Nd5
15. Nde2 Bc5+ 16. Kf1 Ne3+ 17. Bxe3 Bxe3 18. Rad1 Be6 19. Rd3 Bb6 20. b3 Rad8
21. Red1 Rxd3 22. Rxd3 g6 23. g4 Ke7 24. Kg2 Rd8 25. Rxd8 Kxd8 26. Kf3 Ke7 27.
f5 Bf7 28. h4 Kd6 29. Kf4 Bf2 30. Ng3 Bd4 31. Nce2 Be5+ 32. Ke3 Kc5 33. g5 Kb4
34. gxf6 Ka3 35. fxg6 hxg6 36. Nf4 Kxa2 37. h5 gxh5 38. Ngxh5 b5 39. Nd3 Bd6 40.
e5 Bf8 41. Ng3 a5 42. Nf5 a4 43. Nd4 axb3 44. cxb3 c5 45. Nxb5 Kxb3 46. Nxc7 c4
47. Nf4 c3 48. e6 c2 49. Nd3 Bh6+ 50. Kd4 Bg6 51. e7 Bxd3 52. e8=Q c1=Q 53. Qb8+
Ka2 54. Qa7+ Kb2 55. Qb6+ Ka1 56. Qa5+ Kb1 57. Qb4+ Ka1 58. Qc3+ Qxc3+ 59. Kxc3
Bg6 60. Kd4 Bc1 61. Ke5 Bb2+ 62. Ke6 Bh5 63. f7 Ba3 64. Ne8 Bd1 65. Nd6 Bb3+ 66.
Ke7 Bxf7 67. Kxf7 1/2-1/2

[Event "Titled Tue 3rd Jan Late"]
[Site "chess.com INT"]
[Date "2025.06.03"]
[Round "5"]
[White "Yadegar, Radin"]
[Black "Bluebaum, Matthias"]
[Result "0-1"]
[WhiteTitle "FM"]
[BlackTitle "GM"]
[WhiteElo "2387"]
[BlackElo "2660"]
[WhiteFideId "42519985"]
[BlackFideId "24651516"]
[EventDate "2025.06.03"]

1. Nc3 d5 2. e4 e6 3. g3 dxe4 4. Nxe4 Bd7 5. Bg2 Bc6 6. Bf3 Nf6 7. Nxf6+ Qxf6 8.
Bxc6+ Nxc6 9. Nf3 O-O-O 10. d3 h6 11. O-O e5 12. Qe2 Qf5 13. Qe4 Qe6 14. Re1 f5
15. Qa4 Qd5 16. Nh4 Bc5 17. Nxf5 Rhf8 18. Qe4 Qf7 19. Be3 Bxe3 20. Nxe3 Qxf2+
21. Kh1 Nd4 22. Rf1 Qe2 23. Rfe1 Qh5 24. c3 Rf2 25. Qg4+ Qxg4 26. Nxg4 Rxb2 27.
cxd4 Rxd4 28. Nxe5 b5 29. Reb1 Rdb4 30. Rxb2 Rxb2 31. a3 Kb7 32. Kg1 Re2 33. Nf3
Kb6 34. Rc1 c5 35. Rb1 a5 36. Kf1 Ra2 37. Ke1 Rxa3 38. Ke2 Ra2+ 39. Nd2 a4 40.
Ke3 Kc6 41. h4 b4 42. Nc4 Rg2 43. Kf3 Rc2 44. Re1 a3 45. Re6+ Kb7 46. Rb6+ Ka7
47. Rb5 a2 48. Ra5+ Kb7 49. Ra4 Rxc4 50. dxc4 b3 51. Ra3 b2 52. Rb3+ Kc6 53.
Rxb2 a1=Q 54. Re2 Qf1+ 55. Ke3 g5 56. hxg5 hxg5 57. Kd2 Qf3 58. Re3 Qf2+ 59. Kd3
Kd6 60. Ke4 Qc2+ 61. Rd3+ Ke6 62. Ke3 Qxc4 63. Rd8 Qb3+ 64. Ke2 c4 65. Rc8 Qd3+
66. Kf2 c3 67. Rc6+ Kd7 68. Rc5 Qd4+ 0-1

[Event "Titled Tue 3rd Jan Late"]
[Site "chess.com INT"]
[Date "2025.06.03"]
[Round "5"]
[White "Horobetz, Graham"]
[Black "Kozionov, Kirill"]
[Result "1/2-1/2"]
[BlackTitle "IM"]
[WhiteElo "2250"]
[BlackElo "2449"]
[WhiteFideId "2047322"]
[BlackFideId "24101729"]
[EventDate "2025.06.03"]

1. e4 d5 2. exd5 Nf6 3. Bb5+ Bd7 4. Be2 Nxd5 5. d4 g6 6. Nf3 Bg7 7. c4 Nb6 8.
O-O O-O 9. Nc3 Bg4 10. c5 Nd5 11. h3 Bf5 12. Qb3 Nxc3 13. bxc3 b6 14. Ne5 Nd7
15. Nc6 Qe8 16. cxb6 axb6 17. Ba3 Nc5 18. dxc5 Qxc6 19. Bf3 Be4 20. Bxe4 Qxe4
21. Rfe1 Qc6 22. cxb6 Qxb6 23. Qxb6 cxb6 24. Bb4 Rfc8 25. Rxe7 Bxc3 26. Bxc3
Rxc3 27. Rb7 Ra6 28. Re1 Rxa2 29. Ree7 Rc1+ 30. Kh2 Rxf2 31. Re3 Rcc2 32. Rg3
Rb2 33. Kg1 Rfc2 34. Kh1 h5 35. Rf3 Rxg2 36. Rfxf7 Rgc2 37. Rg7+ Kf8 38. Rbf7+
Ke8 39. Re7+ Kd8 40. Rd7+ Kc8 41. Rd1 Rc6 42. Rf1 Kb8 43. Rf8+ Rc8 44. Rxc8+
Kxc8 45. Rxg6 Kb7 46. Rh6 Rb5 47. Kg2 Rd5 48. Kf3 b5 49. Ke4 Rg5 50. Kf4 Rc5 51.
Ke4 b4 52. Kd4 Rg5 53. Kc4 b3 54. Kxb3 Rg3+ 55. Kc4 Rxh3 56. Kd5 Kc7 57. Ke5 Kd7
58. Kf5 Ke7 59. Kg5 Rg3+ 60. Kh4 Rg1 61. Ra6 Kf7 62. Kh3 Rg8 63. Ra7+ Kf6 64.
Kh4 Kf5 65. Rf7+ Ke6 66. Rf1 Rg4+ 67. Kh3 Ra4 68. Re1+ Kd5 69. Re3 Re4 70. Ra3
Ke5 71. Ra5+ Kf4 72. Kh4 Ke3+ 73. Kxh5 Kd4 74. Ra4+ Ke3 75. Rxe4+ Kxe4 1/2-1/2

[Event "Titled Tue 3rd Jan Late"]
[Site "chess.com INT"]
[Date "2025.06.03"]
[Round "5"]
[White "Zhigalko, Sergei"]
[Black "Sjugirov, Sanan"]
[Result "1/2-1/2"]
[WhiteTitle "GM"]
[BlackTitle "GM"]
[WhiteElo "2572"]
[BlackElo "2638"]
[WhiteFideId "13502956"]
[BlackFideId "4189302"]
[EventDate "2025.06.03"]

1. e4 c5 2. Nf3 Nc6 3. c3 Nf6 4. e5 Nd5 5. Bc4 Nb6 6. Bb3 d5 7. exd6 c4 8. Bc2
Qxd6 9. O-O g6 10. b3 Bg7 11. Na3 cxb3 12. axb3 O-O 13. Nc4 Qc7 14. Nxb6 Qxb6
15. d4 Rd8 16. h3 Be6 17. Re1 Bd5 18. Bg5 Qc7 19. Nd2 Rac8 20. Nc4 f6 21. Bh4 e5
22. Ne3 exd4 23. Nxd5 Rxd5 24. Be4 Rd7 25. c4 Ne7 26. Bd3 Qb6 27. Qg4 f5 28. Qf4
Nc6 29. c5 Qc7 30. Bc4+ Kh8 31. Qd2 d3 32. Rad1 Nd4 33. b4 a5 34. Bg3 Qc6 35.
Qxd3 axb4 36. Be6 Nxe6 37. Qxd7 Qxd7 38. Rxd7 Nxc5 39. Rc7 Rxc7 40. Bxc7 Kg8 41.
Bd6 Nd3 42. Rd1 Nb2 43. Rb1 b3 44. Ba3 Nc4 45. Rxb3 b5 46. Bb4 Kf7 47. Bc5 Ne5
48. Rxb5 Nd7 49. Rb7 Ke6 50. Be3 Be5 51. Ra7 h5 52. Ra6+ Kf7 53. Ra5 Bf6 54. Ra7
Ke6 55. Bf4 Be7 56. Ra6+ Kf7 57. Kf1 Nc5 58. Ra7 Ke6 59. Be3 Ne4 60. Ra6+ Kf7
61. Bd4 Nd6 62. Ra7 Ne4 63. Ra4 Ke6 64. f3 Ng3+ 65. Kf2 Nh1+ 66. Kg1 Ng3 67. Bf2
Ne2+ 68. Kf1 Nc3 69. Ra6+ Kf7 70. Ra7 Ke6 71. Ra6+ Kf7 72. Bd4 Nd5 73. Be5 Ne3+
74. Kg1 Nd5 75. Bd4 Nf4 76. Kf1 Nd5 77. Ra7 Ke6 78. Ra6+ Kf7 1/2-1/2

[Event "Titled Tue 3rd Jan Late"]
[Site "chess.com INT"]
[Date "2025.06.03"]
[Round "5"]
[White "Sieciechowicz, Marcin"]
[Black "Minko, Dmitry"]
[Result "1-0"]
[WhiteTitle "IM"]
[BlackTitle "FM"]
[WhiteElo "2410"]
[BlackElo "2247"]
[WhiteFideId "1130170"]
[BlackFideId "24188468"]
[EventDate "2025.06.03"]

1. d4 d5 2. c4 e6 3. Nc3 Be7 4. cxd5 exd5 5. Bf4 c6 6. e3 Bf5 7. g4 Be6 8. h4 h6
9. Bd3 Nf6 10. f3 c5 11. Nge2 Nc6 12. h5 a6 13. Rc1 cxd4 14. Nxd4 Qb6 15. Nxe6
fxe6 16. Qb3 Qxb3 17. axb3 O-O 18. Ke2 e5 19. Bg3 d4 20. Ne4 dxe3 21. Nxf6+ Bxf6
22. Rxc6 bxc6 23. Kxe3 a5 24. Ra1 Rfd8 25. Be1 Kh8 26. Bc3 e4 27. Bxe4 Bxc3 28.
bxc3 Rab8 29. Rxa5 Rxb3 30. Rc5 Rd6 31. Bxc6 Rb8 32. Be4 Kg8 33. Rc7 Rbd8 34. c4
R6d7 35. Rc5 Kf7 36. Ra5 Rc7 37. c5 Rd1 38. c6 Kf6 39. Kf4 Rd6 40. Rc5 Ke6 41.
Rc4 Kf6 42. Kg3 Re6 43. Kf4 Rd6 44. Ra4 Ke6 45. Ra8 Kf7 46. Rb8 Rdxc6 47. Bxc6
Rxc6 48. Rb7+ Kf6 49. Kg3 Rd6 50. Ra7 Rc6 51. Ra5 Rb6 52. Kf4 Rb4+ 53. Kg3 Rb6
54. Rf5+ Ke6 55. Rf4 Rb7 56. Kh4 Rb5 57. Re4+ Kf6 58. Rf4+ Ke6 59. Rf8 Rb7 60.
g5 Rb4+ 61. f4 hxg5+ 62. Kxg5 Rb1 63. Kg6 Rg1+ 64. Kh7 Rh1 65. Kxg7 Rxh5 66. Kg6
Rh1 67. Re8+ Kd7 68. Re2 Rf1 69. f5 Rg1+ 70. Kf7 Rf1 71. f6 Rg1 72. Kf8 Rd1 73.
f7 Rd3 74. Rg2 Rf3 75. Kg8 Ke7 76. Re2+ Kd7 77. f8=Q Rg3+ 78. Qg7+ Rxg7+ 79.
Kxg7 1-0

[Event "Titled Tue 3rd Jan Late"]
[Site "chess.com INT"]
[Date "2025.06.03"]
[Round "5"]
[White "Zhukovskyi, Oleksandr"]
[Black "Ismagilov, Damir"]
[Result "1-0"]
[WhiteTitle "CM"]
[BlackTitle "CM"]
[WhiteElo "2153"]
[BlackElo "2173"]
[WhiteFideId "14169371"]
[BlackFideId "34199982"]
[EventDate "2025.06.03"]

1. e4 c5 2. Nf3 d6 3. Bb5+ Nd7 4. O-O a6 5. Bd3 Ngf6 6. Re1 e6 7. c3 b5 8. Bc2
c4 9. a4 Bb7 10. Na3 Nc5 11. axb5 axb5 12. d3 Be7 13. Bg5 cxd3 14. Bxd3 b4 15.
cxb4 Ncxe4 16. Bb5+ Nd7 17. Bxe7 Qxe7 18. Qd4 O-O 19. Rxe4 Bxe4 20. Qxe4 d5 21.
Qd4 Nf6 22. Bd3 Rfc8 23. h3 h6 24. Re1 Ra4 25. Nc2 Qc7 26. Ne5 Ne4 27. Rxe4 dxe4
28. Qxe4 f5 29. Qd4 Rd8 30. Qe3 Raa8 31. Nd4 Qd6 32. Nec6 Re8 33. g3 Kh8 34. b5
Ra1+ 35. Kg2 Ra2 36. b3 Qd5+ 37. Qf3 Qc5 38. Qe3 Rb2 39. Nc2 Qd5+ 40. Qf3 Qxb3
41. N2d4 Qc3 42. Ne2 Qd2 43. Ncd4 Qe1 44. Bc4 Rd2 45. b6 Rd1 46. g4 Qf1+ 47. Kg3
Qg1+ 48. Kf4 Re1 49. Ke5 Rxe2+ 50. Qxe2 Qh2+ 51. f4 Qxh3 52. gxf5 Qc3 53. fxe6
Qb4 54. Qe4 Qc5+ 55. Qd5 Qxb6 56. f5 Qc7+ 57. Ke4 Qg3 58. Nf3 Qg4+ 59. Ke5 Qg3+
60. Ke4 Qf2 61. Kf4 Qg2 62. Bd3 g5+ 63. fxg6 Rf8+ 64. Bf5 Qb2 65. Qe5+ Qxe5+ 66.
Nxe5 Kg7 67. Nd7 Re8 68. Ke5 h5 69. Nf6 Rb8 70. Nxh5+ Kf8 71. Kf6 Rb7 72. e7+
Rxe7 73. Be6 Ke8 74. Bf7+ Kd8 75. g7 1-0

[Event "Titled Tue 3rd Jan Late"]
[Site "chess.com INT"]
[Date "2025.06.03"]
[Round "5"]
[White "Florescu, Codrut-Constantin"]
[Black "Rosen, Eric"]
[Result "1/2-1/2"]
[WhiteTitle "IM"]
[BlackTitle "IM"]
[WhiteElo "2193"]
[BlackElo "2377"]
[WhiteFideId "1202200"]
[BlackFideId "2032562"]
[EventDate "2025.06.03"]

1. d4 d5 2. Nf3 Nf6 3. c4 e6 4. Nc3 Nbd7 5. e3 a6 6. a3 b6 7. b3 Bb7 8. Bb2 Bd6
9. Bd3 O-O 10. O-O Qe7 11. cxd5 exd5 12. Qc2 Rfe8 13. Rfe1 Rac8 14. Qe2 Ra8 15.
b4 Ne4 16. Rac1 f5 17. g3 Kh8 18. Nd2 Qg5 19. f4 Qe7 20. Nf3 a5 21. Nb5 axb4 22.
axb4 Bxb4 23. Nxc7 Bxe1 24. Rxe1 Qb4 25. Nxe8 Rxe8 26. Ne5 Ndf6 27. Ra1 h6 28.
Ra7 Ra8 29. Rxa8+ Bxa8 30. Kg2 Bb7 31. Nf3 Kh7 32. Qc2 Qe7 33. Nh4 g6 34. Nf3
Ng4 35. Qe2 Nd6 36. Ne5 Nf6 37. Qc2 Nde4 38. Qb3 Qc7 39. Qc2 Qe7 40. Qa4 Ng4 41.
Bc1 Qc7 42. Qd7+ Qxd7 43. Nxd7 Nd6 44. Nxb6 Nf6 45. Na4 Kg7 46. Nc5 Bc8 47. Kf3
Kf7 48. h3 g5 49. Bd2 Kg6 50. Ba5 Kf7 51. Bc7 Nde4 52. Be5 Nd2+ 53. Ke2 Nde4 54.
Nxe4 fxe4 55. Bb5 Bxh3 56. fxg5 hxg5 57. Bxf6 Kxf6 58. Kf2 Be6 59. Be2 Ke7 60.
Bf1 Kd6 61. Be2 Kc7 62. Bf1 Kb6 63. Be2 Ka5 64. Bf1 Kb4 65. Be2 Kc3 66. Bf1 Kd2
67. Be2 Bf5 68. Bf1 Bg4 69. Bb5 Be6 70. Bc6 Kc3 71. Bb5 Kb4 72. Be2 Kc3 73. Bf1
Kd2 74. Be2 Bd7 75. Bf1 Kc3 76. Be2 Kc2 77. Bf1 Kd2 78. Be2 Bc8 79. Bf1 Bg4 80.
Bb5 Bf5 81. Bc6 Be6 82. Bb5 Kc3 83. Bc6 Kb4 84. Be8 Ka5 85. Bh5 Kb6 86. Be2 Kc6
87. Bf1 Kd6 88. Be2 Kc6 89. Bf1 Kb6 90. Be2 1/2-1/2

[Event "Titled Tue 3rd Jan Late"]
[Site "chess.com INT"]
[Date "2025.06.03"]
[Round "5"]
[White "Kleimenov, Nikolay"]
[Black "Mirimanian, Hayk"]
[Result "1-0"]
[WhiteTitle "CM"]
[BlackTitle "FM"]
[WhiteElo "2198"]
[BlackElo "2237"]
[WhiteFideId "34414223"]
[BlackFideId "4700180"]
[EventDate "2025.06.03"]

1. e4 e5 2. Nf3 Nc6 3. Bb5 a6 4. Ba4 Nf6 5. O-O b5 6. Bb3 Be7 7. Nc3 d6 8. d3
Na5 9. Nd5 Nxd5 10. Bxd5 c6 11. Bb3 O-O 12. Be3 Nxb3 13. axb3 f5 14. exf5 Bxf5
15. h3 Qe8 16. Nh2 Qg6 17. Kh1 d5 18. Qe2 Bd6 19. f4 exf4 20. Bxf4 Bxd3 21. cxd3
Bxf4 22. Nf3 Qg3 23. Qe6+ Kh8 24. Qg4 Qxg4 25. hxg4 c5 26. Rfe1 Rf6 27. Re7 h6
28. Rd7 Rd6 29. Rb7 Rg6 30. Rxb5 axb5 31. Rxa8+ Kh7 32. Ra5 Rb6 33. Kg1 Bc1 34.
Ra2 d4 35. Kf2 Kg6 36. Ne5+ Kg5 37. Kf3 Rf6+ 38. Ke4 Rf2 39. Ra7 Rxg2 40. Rxg7+
Kh4 41. Rg6 Rxb2 42. Kd5 Rxb3 43. Kxc5 Be3 44. Nf3+ Kg3 45. Ne5 Rb1 46. Rb6 Kf4
47. Kd5 b4 48. Nc6 b3 49. Na5 b2 50. Nc4 Kxg4 51. Nxb2 Bc1 52. Rg6+ Kh5 53. Rg2
Rxb2 54. Rg1 Be3 55. Rh1+ Kg4 56. Ke4 Kg3 57. Rh5 Kg4 58. Rh2 h5 59. Rxb2 Kg3
60. Rb8 h4 61. Rg8+ Kf2 62. Rf8+ Kg2 63. Rg8+ Kh2 64. Kf3 h3 65. Ke2 Bf4 66. Kf2
Be5 67. Rf8 Bg3+ 68. Kf1 Bh4 69. Rg8 Bg3 70. Rg4 Be5 71. Kf2 Bf6 72. Rf4 Be7 73.
Kf1 Bc5 74. Rg4 Bd6 75. Rxd4 1-0

[Event "Titled Tue 3rd Jan Late"]
[Site "chess.com INT"]
[Date "2025.06.03"]
[Round "5"]
[White "Tang, Andrew"]
[Black "Terry, Renato"]
[Result "1/2-1/2"]
[WhiteTitle "GM"]
[BlackTitle "IM"]
[WhiteElo "2529"]
[BlackElo "2508"]
[WhiteFideId "2059630"]
[BlackFideId "3803457"]
[EventDate "2025.06.03"]

1. d4 e6 2. Bf4 Nf6 3. e3 b6 4. Nf3 Bb7 5. a4 a6 6. Nbd2 Bd6 7. Ne5 Be7 8. c3 d6
9. Nef3 Nbd7 10. h3 O-O 11. Be2 Re8 12. O-O Bf8 13. Nc4 Ne4 14. Qc2 f5 15. Bh2
Qf6 16. Nfd2 Qg6 17. Bf3 Ndf6 18. Nxe4 Nxe4 19. Qe2 Be7 20. Rad1 Rf8 21. Nd2 Bc6
22. Bxe4 fxe4 23. Qc4 Qe8 24. Qxe6+ Kh8 25. Nxe4 Bxa4 26. Ra1 Bd7 27. Qb3 Qg6
28. Ng3 Bh4 29. Qd1 a5 30. Qe2 Rae8 31. Rae1 a4 32. e4 Qg5 33. f4 Rxf4 34. Rxf4
Qxf4 35. Nf5 Qg5 36. Nxh4 Qxh4 37. e5 d5 38. Rf1 Kg8 39. Rf4 Qe7 40. Bg3 Be6 41.
Qf3 Rf8 42. Qe3 h6 43. Rxf8+ Qxf8 44. Qe2 Qf7 45. Kh2 Qd7 46. Bf4 Bf5 47. Qf2
Qe6 48. Qg3 Kh7 49. Qf2 Qg6 50. Be3 Be6 51. Bf4 Qe4 52. Bc1 Qg6 53. Be3 Qf5 54.
Qd2 Qg6 55. Bf4 Qf5 56. Bg3 Kg8 57. Bh4 Qe4 58. Bd8 c6 59. Bxb6 Kf7 60. Bc5 Bf5
61. Qf2 Ke6 62. Bf8 Kf7 63. Bb4 Kg8 64. Bd6 Kh7 65. Qg3 Bg6 66. Qf2 Bf5 67. Be7
Bg6 68. Bh4 Bf5 69. Bg3 Kg8 70. Qd2 Bg6 71. Be1 Bf5 72. Bf2 Bg6 73. Qd1 Bf5 74.
Qxa4 Qe2 75. Kg1 Be4 76. Qxc6 Qd1+ 77. Kh2 Qe2 78. Qc8+ Kh7 79. Qf8 Qxb2 80. e6
Qe2 81. e7 Bg6 82. Bg3 Be4 83. Bf2 Bg6 84. Kg1 Qd1+ 85. Kh2 Qe2 1/2-1/2

[Event "Titled Tue 3rd Jan Late"]
[Site "chess.com INT"]
[Date "2025.06.03"]
[Round "5"]
[White "Yilmaz, Baver"]
[Black "Deac, Bogdan-Daniel"]
[Result "1/2-1/2"]
[WhiteTitle "FM"]
[BlackTitle "GM"]
[WhiteElo "2233"]
[BlackElo "2668"]
[WhiteFideId "26363542"]
[BlackFideId "1226380"]
[EventDate "2025.06.03"]

1. e4 e6 2. d4 d5 3. Nd2 Be7 4. e5 c5 5. c3 Qb6 6. Bd3 cxd4 7. Qg4 Kf8 8. cxd4
Nh6 9. Qf4 Nf5 10. Bxf5 exf5 11. Ngf3 Nc6 12. a3 a5 13. O-O h6 14. Qe3 g5 15.
Nb3 f4 16. Qc3 Bg4 17. Bd2 Kg7 18. Nc5 Bxf3 19. gxf3 Nxd4 20. Qxd4 Qxc5 21. Qd3
Qc4 22. Qf5 Qc8 23. Qd3 Qe6 24. Bc3 b6 25. Kh1 Rac8 26. Rad1 Rhd8 27. Rfe1 Rc4
28. Bd4 Bc5 29. Bxc5 Rxc5 30. b4 axb4 31. axb4 Rc7 32. Kg2 Kg8 33. h3 d4 34. Re4
Rcd7 35. Rd2 Rd5 36. Rde2 b5 37. Rd2 Kg7 38. Rd1 R8d7 39. Rde1 Rd8 40. Rd1 Qg6
41. Rde1 Qf5 42. e6 fxe6 43. Qe2 R8d6 44. Qa2 Qf6 45. Qa7+ Rd7 46. Qb8 R5d6 47.
Re5 d3 48. Qxb5 d2 49. Rd1 Rd5 50. Rxd5 Rxd5 51. Qb7+ Qf7 52. Qxf7+ Kxf7 53. Kf1
Rb5 54. Rxd2 Rxb4 55. Kg2 Rb6 56. h4 Kg6 57. hxg5 hxg5 58. Re2 Kf5 59. Rc2 e5
60. Rc8 Rf6 61. Re8 Re6 62. Rf8+ Rf6 63. Rg8 Rf7 64. Kh3 Rh7+ 65. Kg2 Rh4 66.
Rf8+ Ke6 67. Rg8 Rh5 68. Re8+ Kf6 69. Rf8+ Ke7 70. Rg8 Ke6 71. Re8+ Kf6 72. Rf8+
Ke7 73. Rg8 Kf7 74. Ra8 Rh4 75. Ra7+ Kf6 76. Ra6+ Kf5 77. Ra8 g4 78. Rf8+ Ke6
79. fxg4 Rxg4+ 80. Kf3 Rg1 81. Re8+ Kf6 82. Rf8+ Ke7 83. Ra8 Re1 84. Ra6 Kf7 85.
Kg4 Re2 86. f3 Re3 87. Kf5 Ke7 88. Re6+ Kd7 89. Rxe5 Rxf3 90. Kg4 Rf1 91. Rf5 f3
92. Rxf3 Rxf3 93. Kxf3 1/2-1/2